000 01335cam a22002415a 4500
001 L149138
008 100115s2009 xxk 000 0 eng d
035 _a(Sirsi) u149138
041 0 _aeng
100 1 _aSayce, Sarah
245 0 0 _aGreening leases
_bdo tenants in the United Kingdom want green leases?
260 _c2009
490 0 _aJournal of Retail and Leisure Property
_v8(4) November 2009, 273-284(12)
520 _aReviews the case for green leases in the UK in the light of research carried out for the Investment Property Forum. Whereas Australia has seen tenant-led moves towards green leases and the green lease has gained momentum in Canada, there is little evidence of widespread adoption of green leases in the UK. The research concludes that the UK market is not ready for the introduction of green leases and advocates that a more dynamic relationship between landlord and tenant is required. Notes. References.
590 _aKA
651 4 _aUnited Kingdom
690 _aPROPERTY-COMMERCIAL PROPERTY-LEASEHOLD COMMERCIAL PROPERTY-COMMERCIAL LANDLORD AND TENANT-COMMERCIAL LEASES
700 1 _aSundberg, Anna
700 1 _aParnell, Philip
700 1 _aCowling, Eddie
856 4 8 _uhttps://www.rics.org/profession-standards/knowledge-and-information-services
_zHow to access eJournals
942 _n0
_2ddc
999 _c82073
_d82073